000 00657nam a2200229Ia 4500
005 20260320201945.0
008 008 262003s9999 xx 000 0 eng d
037 _aEBOOK
040 _aCRL
040 _beng
040 _cCRL
041 _2eng
041 _aeng
084 _qCRL
100 _aAllport
_91131090
245 0 _aSalesforce Data Architect Certification Guide: Comprehensive coverage of the Salesforce Data Architect exam content to help you pass on the first attempt
260 _bIEEE
856 _uhttps://ieeexplore.ieee.org/servlet/opac?bknumber=10163171
942 _cEBOOK
999 _c1724487
_d1724487